Catalog

Record Details

Catalog Search



Sterbebegleitung : menschliche Nähe am Krankenbett Cover Image Book Book

Sterbebegleitung : menschliche Nähe am Krankenbett Werner Schweidtmann

Record details

  • ISBN: 3-7831-1075-0
  • Physical Description: 219 S.
  • Edition: 1. Aufl.
  • Publisher: Stuttgart Kreuz Verlag 1991

Available copies

  • 1 of 1 copy available at Common Catalog SPOK.

Holds

  • 0 current holds with 1 total copy.
Show All Copies
Location Call Number / Copy Notes Barcode Shelving Location Status Due Date
ETS Library 259.6 424470002392 Volný výběr Available -

LDR 00702nam a2 00253
00137827
003CZ-PrJAB
00520030506000000.0
008010806s1991 xr e |||| |ger
009ge
020 . ‡a3-7831-1075-0
035 . ‡a(CONS)8747
035 . ‡aKPS9196
040 . ‡aABG450
041 . ‡ager
08214. ‡a259.6
100 . ‡74104 ‡aSchweidtmann, Werner
245 . ‡aSterbebegleitung : ‡bmenschliche Nähe am Krankenbett ‡cWerner Schweidtmann
250 . ‡a1. Aufl.
260 . ‡aStuttgart ‡bKreuz Verlag ‡c1991
300 . ‡a219 S.
653 . ‡aSterbebegleitung ‡amenschliche Nähe am Krankenbett
8524 . ‡bETS ‡bETS ‡cVolný výběr ‡j259.6 ‡gA ‡p424470002392
910 . ‡aABG450
999 . ‡a8747 ‡bAUTOGEN ‡c8747 ‡tbiblio
905 . ‡uadmin
901 . ‡a37827 ‡b ‡c37827 ‡tbiblio ‡sets

Additional Resources